Das literarische Vermächtnis jüdischer DPs: Eine Doppelrezension. | Medaon
Anne-Katrin Henkel/Thomas Rahe (Hg.): Publizistik in jüdischen Displaced-Persons-Camps im Nachkriegsdeutschland. Charakteristika, Medientypen und bibliothekarische Überlieferung (= Zeitschrift für Bibliothekswesen und Bibliographie, Sonderbände, Bd. 112), Frankfurt a.M.: Klostermann 2014, 194 S., IS...
| Main Author: | |
|---|---|
| Format: | Electronic Review |
| Language: | German |
| Check availability: | HBZ Gateway |
| Interlibrary Loan: | Interlibrary Loan for the Fachinformationsdienste (Specialized Information Services in Germany) |
| Published: |
2016
|
| In: |
Medaon
Year: 2016, Volume: 10, Issue: 19, Pages: 1-7 |
| Further subjects: | B
Book review
|
| Online Access: |
Volltext (kostenfrei) |
MARC
| LEADER | 00000naa a22000002c 4500 | ||
|---|---|---|---|
| 001 | 1840401516 | ||
| 003 | DE-627 | ||
| 005 | 20230329085409.0 | ||
| 007 | cr uuu---uuuuu | ||
| 008 | 230329s2016 xx |||||oo 00| ||ger c | ||
| 035 | |a (DE-627)1840401516 | ||
| 035 | |a (DE-599)KXP1840401516 | ||
| 040 | |a DE-627 |b ger |c DE-627 |e rda | ||
| 041 | |a ger | ||
| 084 | |a 0 |2 ssgn | ||
| 100 | 1 | |a Springborn, Matthias |e VerfasserIn |4 aut | |
| 245 | 1 | 4 | |a Das literarische Vermächtnis jüdischer DPs: Eine Doppelrezension. | Medaon |
| 264 | 1 | |c 2016 | |
| 336 | |a Text |b txt |2 rdacontent | ||
| 337 | |a Computermedien |b c |2 rdamedia | ||
| 338 | |a Online-Ressource |b cr |2 rdacarrier | ||
| 520 | |a Anne-Katrin Henkel/Thomas Rahe (Hg.): Publizistik in jüdischen Displaced-Persons-Camps im Nachkriegsdeutschland. Charakteristika, Medientypen und bibliothekarische Überlieferung (= Zeitschrift für Bibliothekswesen und Bibliographie, Sonderbände, Bd. 112), Frankfurt a.M.: Klostermann 2014, 194 S., ISBN: 978-3-465-04216-7, EUR 54,00. Sophia Charlotte Fock/Tamar Lewinsky/Ulrike Sonnemann: Im fremden Land. Publikationen aus den Lagern für Displaced Persons. Einblicke in die Sammlung der Staatsbibliothek zu Berlin (Begleitbroschüre), Berlin: chezweitz 2015, 83 S. - URL: http://www.jmberlin.de/main/DE/Pdfs/Sonderausstellungen/Begleitbroschuere_Im_fremden_Land.pdf [28.08.2016] | ||
| 601 | |a Vermächtnis | ||
| 655 | 7 | |a Rezension |0 (DE-588)4049712-4 |0 (DE-627)106186019 |0 (DE-576)209083166 |2 gnd-content | |
| 773 | 0 | 8 | |i Enthalten in |t Medaon |d Dresden : HATiKVA, 2007 |g 10(2016), 19, Seite 1-7 |h Online-Ressource |w (DE-627)559842465 |w (DE-600)2414887-8 |w (DE-576)281382581 |7 nnas |
| 773 | 1 | 8 | |g volume:10 |g year:2016 |g number:19 |g pages:1-7 |
| 856 | 4 | 0 | |u https://www.medaon.de/de/artikel/das-literarische-vermaechtnis-juedischer-dps-eine-doppelrezension/ |x Verlag |z kostenfrei |3 Volltext |7 0 |
| 951 | |a AR | ||
| ELC | |a 1 | ||
| LOK | |0 000 xxxxxcx a22 zn 4500 | ||
| LOK | |0 001 4299486978 | ||
| LOK | |0 003 DE-627 | ||
| LOK | |0 004 1840401516 | ||
| LOK | |0 005 20230329085409 | ||
| LOK | |0 008 230329||||||||||||||||ger||||||| | ||
| LOK | |0 040 |a DE-Tue135 |c DE-627 |d DE-Tue135 | ||
| LOK | |0 092 |o n | ||
| LOK | |0 852 |a DE-Tue135 | ||
| LOK | |0 852 1 |9 00 | ||
| LOK | |0 935 |a ixzs |a ixzo |a rwrk | ||
| LOK | |0 939 |a 29-03-23 |b l01 | ||
| OAS | |a 1 | ||
| ORI | |a SA-MARC-ixtheoa001.raw | ||
| REL | |a 1 | ||
| SUB | |a REL | ||



